00286nam a2200121Ia 4500008004100000041001200041082001100053100001700064245004500081250000900126260002100135650000800156221030s9999 xx 000 0 und d aEnglish a105.23 aVivek Jadial 0aInformation Management System Of Hotel a2004 aNIIT Jammuc2004 aMCA